|
|
|
|
| LEADER |
01389nam a2200289 u 4500 |
| 001 |
10114690 |
| 003 |
upatras |
| 005 |
20240523120056.0 |
| 008 |
141222s1996 gr gre |
| 020 |
|
|
|a 9607711068
|
| 040 |
|
|
|a GR-PaULI
|b gre
|c GR-PaULI
|e AACR2
|
| 041 |
0 |
|
|a gre
|
| 082 |
0 |
4 |
|2 23
|a 301.094 95
|
| 100 |
1 |
|
|a Κύρτσης, Αλέξανδρος-Ανδρέας,
|d 1951-
|4 συγγραφέας
|9 60751
|
| 245 |
1 |
0 |
|a Κοινωνιολογική σκέψη και εκσυγχρονιστικές ιδεολογίες στον ελληνικό μεσοπόλεμο /
|c Αλέξανδρος-Ανδρέας Κύρτσης.
|
| 260 |
|
|
|a Αθήνα :
|b Νήσος,
|c 1996.
|
| 300 |
|
|
|a 280 σ. ;
|c 21 εκ.
|
| 490 |
1 |
|
|a Παραδόσεις ;
|v 1
|
| 504 |
|
|
|a Περιέχει βιβλιογραφικές παραπομπές.
|
| 650 |
|
4 |
|a Κοινωνιολογία
|z Ελλάδα
|9 44662
|
| 650 |
|
0 |
|a Κοινωνιολογία
|x Ιστορία
|y 20ός αιώνας
|9 41141
|
| 830 |
|
0 |
|a Παραδόσεις (Νήσος)
|v 1
|9 168670
|
| 852 |
|
|
|a GR-PaULI
|b ΠΑΤΡΑ
|b ΠΤΔΕ
|k ΑΣΧΕ
|h 301.094 95 ΚΥΡ
|m 11454
|p 025000211245
|t 1
|
| 942 |
|
|
|2 ddc
|c BK15
|
| 952 |
|
|
|0 0
|1 0
|4 0
|6 301_094000000000000_95_ΚΥΡ
|7 0
|9 172224
|a PTDE
|b PTDE
|d 2016-04-24
|i 11454
|l 0
|o 301.094 95 ΚΥΡ
|p 025000211245
|r 2016-04-24 00:00:00
|t 1
|w 2016-04-24
|y BK15
|
| 998 |
|
|
|c ΤΣΕΝΕ
|d 2014-12
|
| 999 |
|
|
|c 107824
|d 107824
|